| 000 | 00377nam a2200133Ia 4500 | ||
|---|---|---|---|
| 005 | 20260326235443.0 | ||
| 008 | 260326s9999||||xx |||||||||||||| ||und|| | ||
| 100 | _aDe Franciscis, Alfonso | ||
| 245 | 0 |
_aPompeya, Herculano y La Villa Jovis en Capri : _b Como fueron y como son / _cAlfonso De Franciscis |
|
| 260 | _bVisión | ||
| 300 | _a88 p. | ||
| 650 | _aHISTORIA | ||
| 942 | _cBK | ||
| 999 |
_c7482 _d7482 |
||